01351nam a2200313 a 4500001001200000003000800012006001900020007001500039008004100054010001700095020004300112020002700155040002100182035002100203050002300224082001500247245016100262260004900423300002300472500007900495504004100574533015200615650004100767650003600808655002900844700002100873710001700894856012600911ebr10742788CaPaEBRm o u cr cn|||||||||130328s2013 njua sb 100 0 eng d z 2013000744 z9789814452878 (hardcover : alk. paper) z9789814452885 (e-book) aCaPaEBRcCaPaEBR a(OCoLC)85706605414aQA379b.I54 2013eb04a515/.422300aIntegral equations, boundary value problems and related problemsh[electronic resource] :bYinchuan, Ningxia, China, 19-23 August 2012 /cedited by Xing Li. aHackensack, N.J. :bWorld Scientific,c2013. axi, 285 p. :bill. a"Dedicated to Professor Chien-Ke Lu on the occasion of his 90th birthday." aIncludes bibliographical references. aElectronic reproduction.bPalo Alto, Calif. :cebrary,d2013.nAvailable via World Wide Web.nAccess may be limited to ebrary affiliated libraries. 0aBoundary value problemsvCongresses. 0aIntegral equationsvCongresses. 7aElectronic books.2local1 aLi, Xing,d1964-2 aebrary, Inc.40uhttp://site.ebrary.com/lib/rucke/Doc?id=10742788zAn electronic book accessible through the World Wide Web; click to view